Procedimientos de mecanizado

محفوظ في:
التفاصيل البيبلوغرافية
المؤلف الرئيسي: Millán Gómez, Simón (autor)
التنسيق: كتاب
اللغة:الإسبانية
منشور في: Madrid International Thomson 2003
سلاسل:Fabricación Mecánica
الموضوعات:
الوسوم: إضافة وسم
لا توجد وسوم, كن أول من يضع وسما على هذه التسجيلة!

MARC

LEADER 00000nam a2200000 a 4500
001 UCI7877
003 CL-VaPUC
008 080725e20030000SP |||||||||||||||||spa|d
020 |a 8497322487 
082 0 4 |a 670  |b MIL  |2 21 
100 |a Millán Gómez, Simón  |e autor  |9 531260 
245 1 0 |a Procedimientos de mecanizado 
300 |a 167 p 
942 |c BK 
945 |d 20080725 00:00:00  |a jtorresc 
260 |a Madrid  |b International Thomson  |c 2003 
650 0 |a Mecánica   |9 260096 
650 0 |a Máquinas herramientas  |9 262583 
650 7 |a MAQUINADO  |2 CL-VaPUC  |9 429973 
650 0 |a Ingeniería mecánica   |9 262089 
650 7 |a PRODUCTOS METALICOS  |2 CL-VaPUC  |9 361353 
650 7 |a MECANIZACION  |2 CL-VaPUC  |9 266885 
583 |a last modification  |c 20080725 00:00:00  |k Rodrigo Vera 
490 0 |a Fabricación Mecánica 
999 |c 331005  |d 331003 
952 |0 0  |1 0  |4 0  |6 670_000000000000000_MIL_2003  |7 0  |8 A  |9 417091  |a BIBMEC  |b BIBMEC  |d 2019-11-22  |i 4466950  |o 670 MIL 2003  |p 4466950  |r 2024-01-19  |w 2019-11-22  |y BK  |k MEC